GSA Business Report

Detalles Bibliográficos
Formato: eBook
Lenguaje:inglés
Publicado: Minneapolis: BridgeTower Media Holding Company, LLC, 2018 -
Materias:
Acceso en línea:Acceso restringido

MARC

LEADER 00000nam a22000007a 4500
005 20191016215559.0
007 cr|||| ||||
008 191016c20189999us wr|w s|||| 0|||b1eng d
035 |a 22273 
040 |a vLex 
090 |c 9857  |d 9857 
245 0 0 |a GSA Business Report  |h [Recurso electrn̤ico] / 
256 |a Servicio en ln̕ea 
260 |a Minneapolis:  |b BridgeTower Media Holding Company, LLC,  |c 2018 - 
300 |a 1 recurso electrn̤ico 
310 |a Semanal 
506 1 |a Disponible solo en los productos indicados  |d vLex Global  |d vLex Global (Academic Edition, excluding Law Schools)  |d vLex Global (Academic Edition, Law Schools) 
650 0 4 |a Economa̕ y negocios  |z Estados Unidos 
740 0 |a vLex Revistas (Servicio en ln̕ea) 
856 4 0 |u http://vlex.com/source/22273  |z Acceso restringido 
942 |c REV 
999 0 |a Economy and business